Manažérstvo kvality : systémy, princípy, postupy /

Salvato in:
Dettagli Bibliografici
Autore principale: Konečný, Vladimír (Autore)
Natura: Libro
Lingua:slovacco
Pubblicazione: Žilina Edis 2017
Edizione:1. vyd.
Serie:Vysokoškolské učebnice
Soggetti:
Tags: Aggiungi Tag
Nessun Tag, puoi essere il primo ad aggiungerne!!

MARC

LEADER 00000nam a22000003a 4500
001 0076268
003 SK-STU
005 20191216131935.7
007 ta
008 191003s ----xo-----e------000-0-----d
020 |a 978-80-554-1406-5 
040 |a STU  |b slo 
041 0 |a slo 
044 |a xo 
080 |a 658.56 
100 1 |a Konečný, Vladimír  |4 aut 
245 1 0 |a Manažérstvo kvality :  |b systémy, princípy, postupy /  |c aut. Vladimír Konečný 
250 |a 1. vyd. 
260 |a Žilina  |b Edis  |c 2017 
300 |a 185 s. 
490 0 |a Vysokoškolské učebnice 
650 0 7 |a kvalita 
650 0 7 |a manažérstvo kvality 
650 0 7 |a komplexné manažérstvo kvality 
650 0 7 |a TQM 
996 |b 284M088213  |c M* 14251-1  |l MMKN  |s A  |a 24  |w 0076268_0001 
996 |b 284M088274  |c M* 14251-2  |l MMKN  |s A  |a 24  |w 0076268_0002